<?xml version="1.0" encoding="UTF-8"?>
<record
    xmlns:xsi="http://www.w3.org/2001/XMLSchema-instance"
    xsi:schemaLocation="http://www.loc.gov/MARC21/slim http://www.loc.gov/standards/marcxml/schema/MARC21slim.xsd"
    xmlns="http://www.loc.gov/MARC21/slim">

  <leader>00946nam a2200289 a 4500</leader>
  <controlfield tag="001">BRCA_49</controlfield>
  <controlfield tag="005">20190320202848.0</controlfield>
  <controlfield tag="008">980205s1998    caua---##b---#001-0#eng-#</controlfield>
  <datafield tag="020" ind1=" " ind2=" ">
    <subfield code="a">8434466279</subfield>
  </datafield>
  <datafield tag="040" ind1=" " ind2=" ">
    <subfield code="a">DLC</subfield>
    <subfield code="c">DLC</subfield>
    <subfield code="d">DLC</subfield>
  </datafield>
  <datafield tag="050" ind1=" " ind2="4">
    <subfield code="a">AM121</subfield>
    <subfield code="b">.A75 2001</subfield>
  </datafield>
  <datafield tag="100" ind1="1" ind2=" ">
    <subfield code="a">Kotler, Neil G.</subfield>
    <subfield code="d">1941-</subfield>
    <subfield code="9">228</subfield>
  </datafield>
  <datafield tag="245" ind1="1" ind2="0">
    <subfield code="a">Estrategias y marketing de museos</subfield>
    <subfield code="c">Neil Kotler and Philip Kotler ; traducci&#xF3;n Jordi Jim&#xE9;nez Payrat&#xF3;.</subfield>
  </datafield>
  <datafield tag="260" ind1=" " ind2=" ">
    <subfield code="a">Espa&#xF1;a</subfield>
    <subfield code="b">Ariel</subfield>
    <subfield code="c">2001</subfield>
  </datafield>
  <datafield tag="300" ind1=" " ind2=" ">
    <subfield code="a">448 p.</subfield>
    <subfield code="b">il.</subfield>
    <subfield code="c">24 cm.</subfield>
  </datafield>
  <datafield tag="440" ind1=" " ind2="0">
    <subfield code="a">Ariel patrimonio hist&#xF3;rico</subfield>
    <subfield code="9">229</subfield>
  </datafield>
  <datafield tag="500" ind1=" " ind2=" ">
    <subfield code="a">Traducci&#xF3;n de: Museum Strategy and Marketing</subfield>
  </datafield>
  <datafield tag="500" ind1=" " ind2=" ">
    <subfield code="a">Incluye &#xED;ndice de materias</subfield>
  </datafield>
  <datafield tag="504" ind1=" " ind2=" ">
    <subfield code="a">Bibliograf&#xED;a: p. 421-428</subfield>
  </datafield>
  <datafield tag="650" ind1="1" ind2="4">
    <subfield code="a">Museos</subfield>
    <subfield code="x">Administraci&#xF3;n</subfield>
    <subfield code="9">230</subfield>
  </datafield>
  <datafield tag="650" ind1="1" ind2="4">
    <subfield code="a">Museos</subfield>
    <subfield code="x">Mercadotecnia</subfield>
    <subfield code="9">231</subfield>
  </datafield>
  <datafield tag="650" ind1="1" ind2="4">
    <subfield code="a">Museos</subfield>
    <subfield code="x">Asistencia</subfield>
    <subfield code="9">232</subfield>
  </datafield>
  <datafield tag="650" ind1="1" ind2="4">
    <subfield code="a">Museos</subfield>
    <subfield code="x">Finanzas</subfield>
    <subfield code="9">233</subfield>
  </datafield>
  <datafield tag="700" ind1="1" ind2=" ">
    <subfield code="a">Kotler, Philip</subfield>
    <subfield code="9">234</subfield>
  </datafield>
  <datafield tag="700" ind1="1" ind2=" ">
    <subfield code="a">Jim&#xE9;nez Payrat&#xF3;, Jordi</subfield>
    <subfield code="9">235</subfield>
  </datafield>
  <datafield tag="942" ind1=" " ind2=" ">
    <subfield code="2">lcc</subfield>
    <subfield code="c">B</subfield>
  </datafield>
  <datafield tag="999" ind1=" " ind2=" ">
    <subfield code="c">49</subfield>
    <subfield code="d">49</subfield>
  </datafield>
  <datafield tag="952" ind1=" " ind2=" ">
    <subfield code="0">0</subfield>
    <subfield code="1">0</subfield>
    <subfield code="4">0</subfield>
    <subfield code="7">0</subfield>
    <subfield code="a">BRCA</subfield>
    <subfield code="b">BRCA</subfield>
    <subfield code="d">2008-06-25</subfield>
    <subfield code="l">0</subfield>
    <subfield code="o">AM121 .A75 2001</subfield>
    <subfield code="p">00045_1</subfield>
    <subfield code="r">2019-03-23 00:00:00</subfield>
    <subfield code="w">2019-03-23</subfield>
    <subfield code="y">B</subfield>
  </datafield>
</record>
